Statistics for Countries Blacked Out - South America

Click here to take the quiz!

General Stats

  • This quiz has been taken 93 times
  • The average score is 8 of 8

Answers on the Map

Answers color-coded by a green-red scale on the quiz's map according to % correct below.
 

Answer Stats

Answer% Correct
Brazil
100%
Brazil
100%
Bolivia
99%
Colombia
99%
Paraguay
99%
Peru
99%
Venezuela
99%
Guyana
96%

Score Distribution

Percentile by Number Answered

Percent of People with Each Score

Your Score History

You have not taken this quiz